Statistiques concernant Les races de chiens préférées des Français en 2021

Cliquez ici pour prendre le quiz!

Statistiques générales

  • Ce quiz a été pris 107 fois
  • Le résultat moyen est 19 sur 50

Statistiques - réponses

Réponse% Correct
Berger allemand
93%
Labrador
86%
Husky
83%
Berger australien
81%
Dalmatien
79%
Caniche
69%
Golden Retriever
68%
Chihuahua
63%
Bouledogue français
59%
Teckel
58%
Dobermann
57%
Boxer
56%
Carlin
54%
Rottweiler
54%
Saint-Bernard
53%
Shiba Inu
51%
Berger belge
46%
Border Collie
44%
Beagle
43%
Bouledogue anglais
43%
Bouvier bernois
42%
Epagneul breton
41%
Jack Russell
39%
Bichon maltais
34%
Dogue allemand
32%
Akita Inu
30%
Yorkshire terrier
30%
Beauceron
28%
Samoyède
28%
Spitz
28%
Terre-Neuve
28%
Dogue argentin
26%
Cane Corso
23%
Berger suisse
22%
Shar-Pei
22%
King Charles
19%
Malamute
19%
Braque de Weimar
18%
Dogue de Bordeaux
18%
Setter anglais
18%
Mastiff
16%
Cocker spaniel
14%
Shih Tzu
14%
American Staffordshire Terrier
9%
Pinscher
9%
Staffordshire Bull Terrier
9%
Berger des Pyrénées
7%
Shetland
7%
Coton de Tuléar
3%
Dogue du Tibet
3%

Distribution des résultats

Percentile par nombre de réponses

% des personnes avec chaque résultat

Votre développement - résultats

Vous n’avez pas pris ce quiz